LEADER 01719nam 2200397 n 450 001 996394864403316 005 20221108044422.0 035 $a(CKB)3810000000009622 035 $a(EEBO)2248509498 035 $a(UnM)99829356 035 $a(UnM)9928078100971 035 $a(EXLCZ)993810000000009622 100 $a19950602d1699 uy | 101 0 $aeng 135 $aurbn||||a|bb| 200 04$aThe considerations of Drexelius upon death$b[electronic resource] $eFor well, sick, and dying persons. Done into English by a Fellow of the Royal Society 210 $aLondon $cprinted by S. Bridge, for H. Walwyn, at the Three Legs in the Poultrey, over against the Stocks Market$d1699 215 $a[20], 325 [i.e. 335], [1] p., [4] plates of leaves 300 $aDedication reads: To the right worshipful Sir James Houblon, Kt. Alderman of the City of London, and one of their representatives in Parliament. This translation of Drexelius is humbly dedicated by, sir, your worship's devoted servant. 300 $aRunning title: Considerations upon death. 300 $aIdentified on UMI microfilm (Early English books, 1641-1700) reel 2004 as Wing D2181A. 300 $aAn English translation of: De aeternitates considerationes. 300 $aWith a final advert. leaf. 300 $aReproduction of the original at the British Library. 330 $aeebo-0018 606 $aDeath$vEarly works to 1800 615 0$aDeath 700 $aDrexel$b Jeremias$f1581-1638.$0718089 801 0$bCu-RivES 801 1$bCu-RivES 801 2$bCStRLIN 801 2$bWaOLN 906 $aBOOK 912 $a996394864403316 996 $aThe considerations of Drexelius upon death$92318363 997 $aUNISA LEADER 01578nam a2200337 i 4500 001 991000801449707536 005 20020507173752.0 008 010111s1994 us ||| | eng 020 $a0883855046 035 $ab10759177-39ule_inst 035 $aLE01302534$9ExL 040 $aDip.to Matematica$beng 082 0 $a005.82 084 $aAMS 00A06 100 1 $aBeutelspacher, Albrecht$060454 245 10$aCryptology :$ban introduction to the art and science of enciphering, encrypting, concealing, hiding, and safeguarding described without any arcane skullduggery but not without cunning waggery for the delectation and instruction of the general public /$cby Albrecht Beutelspacher ; transformation from German into English, succored and abetted by J. Chris Fisher 260 $aWashington, DC :$bMathematical Association of America,$cc1994 300 $axvi, 156 p. :$bill. ;$c22 cm 490 0 $aSpectrum series 500 $a"Cryptology was originally published in German by Vieweg. This edition has been extensively revised": P. [4] of cover 500 $aErrata slip inserted. 500 $aIncludes bibliographical references (p. 153-156) 650 4$aCryptography 650 4$aData encryption (Computer science) 700 1 $aFisher, J. Chris 907 $a.b10759177$b23-02-17$c28-06-02 912 $a991000801449707536 945 $aLE013 00A BEU11 (1994)$g1$i2013000124711$lle013$o-$pE0.00$q-$rl$s- $t0$u0$v0$w0$x0$y.i10854198$z28-06-02 996 $aCryptology$9104842 997 $aUNISALENTO 998 $ale013$b01-01-01$cm$da $e-$feng$gus $h0$i1 LEADER 03463nam 2200565 450 001 9910827965903321 005 20230617011214.0 010 $a0-7864-8749-6 035 $a(CKB)3710000000421355 035 $a(EBL)2066541 035 $a(SSID)ssj0001538484 035 $a(PQKBManifestationID)12012680 035 $a(PQKBTitleCode)TC0001538484 035 $a(PQKBWorkID)11527893 035 $a(PQKB)10956188 035 $a(MiAaPQ)EBC2066541 035 $a(EXLCZ)993710000000421355 100 $a20150626h20052005 uy 0 101 0 $aeng 135 $aur|n|---||||| 181 $ctxt 182 $cc 183 $acr 200 10$aItalian horror film directors /$fLouis Paul ; with forewords by Jess Franco and Antonella Fulchi ; cover art by Mark Durr 210 1$aJefferson, North Carolina ;$aLondon, [England] :$cMcFarland & Company, Inc., Publishers,$d2005. 210 4$dİ2005 215 $a1 online resource (377 p.) 300 $aDescription based upon print version of record. 311 $a0-7864-6113-6 320 $aIncludes bibliographical references and index. 327 $aCover; Table of Contents; The Leading Horror Film Directors; Foreword by Jess Franco; Foreword by Antonella Fulci; Preface; Introduction: The Evolution of the Italian Horror Film; Dario Argento; Lamberto Bava; Mario Bava; Ruggero Deodato; Lucio Fulci; Umberto Lenzi; Antonio Margheriti; Aristide Massaccesi; Bruno Mattei; Michele Soavi; Other Significant Horror Film Directors; Marcello Avallone; Pupi Avati; Mariano Baino; Francesco Barilli; Sergio Bergonzelli; Giulio Berruti; Andrea Bianchi; Mario Bianchi (Montero); Antonio Bido; Antonio Boccaci; Giuliano Carnimeo; Mario Colucci; Luigi Cozzi 327 $aArmando CrispinoMassimo Dallamano; Damiano Damiani; Fabrizio De Angelis; Alberto De Martino; Rino Di Silvestro; Giorgio Ferroni; Al Festa; Riccardo Freda; Mario Gariazzo; Gianfranco Giagni; Enzo Girolami; Marino Girolami; Aldo Lado; Mario Landi; Sergio Martino; Stelvio Massi; Camillo Mastrocinque; Emilio Miraglia; Sergio Pastore; Renato Polselli; Massimo Pupillo; Giulio Questi; Piero Regnoli; Mario Siciliano; Paolo Solvay; Epilogue: The Future of Italian Horror Films; Appendix; Bibliography; Index 330 $aThere is no cinema with such effect as that of the hallucinatory Italian horror film. From Riccardo Freda's I Vampiri in 1956 to Il Cartaio in 2004, this work recounts the origins of the genre, celebrates at length ten of its auteurs, and discusses the noteworthy films of many others associated with the genre. The directors discussed in detail are Dario Argento, Lamberto Bava, Mario Bava, Ruggero Deodato, Lucio Fulci, Umberto Lenzi, Antonio Margheriti, Aristide Massaccesi, Bruno Mattei, and Michele Soavi. Each chapter includes a biography, a detailed career account, discussion of influences bo 606 $aHorror films$zItaly$xHistory and criticism 606 $aMotion picture producers and directors$zItaly 615 0$aHorror films$xHistory and criticism. 615 0$aMotion picture producers and directors 676 $a791.4302/33/092245 676 $a791.430233092245 700 $aPaul$b Louis$01673790 702 $aFranco$b Jesus 702 $aFulchi$b Antonella 702 $aDurr$b Mark 801 0$bMiAaPQ 801 1$bMiAaPQ 801 2$bMiAaPQ 906 $aBOOK 912 $a9910827965903321 996 $aItalian horror film directors$94038124 997 $aUNINA LEADER 02112nam 2200577 450 001 9910811282403321 005 20230803034608.0 010 $a80-246-2406-0 035 $a(CKB)3710000000095621 035 $a(EBL)3319617 035 $a(SSID)ssj0001267758 035 $a(PQKBManifestationID)12471850 035 $a(PQKBTitleCode)TC0001267758 035 $a(PQKBWorkID)11264992 035 $a(PQKB)10070211 035 $a(MiAaPQ)EBC3319617 035 $a(Au-PeEL)EBL3319617 035 $a(CaPaEBR)ebr10852848 035 $a(OCoLC)929117401 035 $a(EXLCZ)993710000000095621 100 $a20140410h20132013 uy 0 101 0 $acze 135 $aur|n|---||||| 181 $ctxt 182 $cc 183 $acr 200 10$aOd na?rodni?ho sta?tu ke sta?tu na?rodnosti?? $eNa?rodnostni? statut a snahy o r?eseni? mensinove? ota?zky v C?eskoslovensku v roce 1938 /$fProf. JUDr. Jan Kukli?k, DrSc., doc. PhDr. Jan Ne?mec?ek, DrSc. ; recenzovali, prof. PhDr. Robert Kvac?ek, CSc., doc. Mgr. Jaroslav Sebek, Ph.D 205 $aVyda?ni? prvni?. 210 1$aPrague, [Czech Republic] :$cKarolinum,$d2013. 210 4$dİ2013 215 $a1 online resource (450 p.) 300 $aDescription based upon print version of record. 311 $a80-246-2377-3 320 $aIncludes bibliographical references and index. 606 $aMinorities$xLegal status, laws, etc$zCzechoslovakia$xHistory 606 $aMinorities$xGovernment policy$zCzechoslovakia$xHistory 607 $aCzechoslovakia$xEthnic relations$xPolitical aspects 607 $aCzechoslovakia$xPolitics and government$y1918-1938 615 0$aMinorities$xLegal status, laws, etc.$xHistory. 615 0$aMinorities$xGovernment policy$xHistory. 676 $a341.481 700 $aKukli?k$b Jan$01627204 702 $aKvac?ek$b Robert 702 $aS?ebek$b Jaroslav 801 0$bMiAaPQ 801 1$bMiAaPQ 801 2$bMiAaPQ 906 $aBOOK 912 $a9910811282403321 996 $aOd na?rodni?ho sta?tu ke sta?tu na?rodnosti?$94058830 997 $aUNINA